00466nam a2200121Ia 4500008004100000245015700041260003500198260000900233300000800242500001500250650001300265856006600278170516s9999 xx 000 0 und d aDevelopment and evaluation of porous membrane pellets of disopyramide phosphate for sustained release Afifa Bathool, D Vishakante Gowda, Mohammed S Khan bAsian Journal of Pharmaceutics c2012 a6:2 aApril-June xPharmacy uhttp://www.asiapharmaceutics.info/index.php/ajp/issue/view/28